Ohrdnuté našské zvykoslovie?

Bibliographic Details
Main Author: (I.P.) (Author)
Corporate Author: Základná škola, Levočská (Stará Ľubovňa, Slovensko) (Author)
Format: Article
Language:Slovak
Subjects:

MARC

LEADER 00000nab a2200000 a 4500
001 vtls001027471
003 SK-MaSNL
005 20260304032703.0
008 040720e19991125xo 0 slo
035 |a SL6025 
040 |a SLLK  |b slo  |c SLLK  |e AACR2 
041 0 |a slo 
044 |a xo  |c SK 
080 |a 371.239  |2 1981 
100 0 |a (I.P.)  |4 aut  |9 1022404 
245 1 0 |a Ohrdnuté našské zvykoslovie? 
610 2 7 |a Základná škola, Levočská (Stará Ľubovňa, Slovensko)  |2 SNKKA 
650 0 7 |a Halloween  |2 SNK  |9 59330 
650 0 7 |a čitateľské listy  |2 SNK  |9 1027770 
651 7 |a Stará Ľubovňa (Slovensko)  |2 SNKPHgeo  |9 19193 
655 7 |a periodikum  |2 SNKPH  |9 29553 
710 2 |a Základná škola, Levočská (Stará Ľubovňa, Slovensko)  |4 aut 
773 0 8 |t Ľubovnianske noviny  |g Roč. 25, č.47, 25.11.1999, s. 1 
852 |a ZVYKNI  |b KIS3GCP 
999 |c 2644402  |d 2646332